[Event "Azerbaijan Chess Championship2015 - Men"]
[Site ""]
[Date "2015.01.10"]
[Round "5"]
[Board "6"]
[White "Iskandarov, Misratdin"]
[Black "Izzat, Kanan"]
[Result "0-1"]
[WhiteElo "2405"]
[BlackElo "2424"]
[PlyCount "0"]
[EventDate "2015.01.06"]
[EventRounds "9"]
[EventCountry "AZE"]

1. e4 {[%clk 1:30:57]} c5 {[%clk 1:30:54]} 2. Nf3 {[%clk 1:31:21]} e6
{[%clk 1:31:18]} 3. b3 {[%clk 1:31:44]} b6 {[%clk 1:30:05]} 4. Bb2
{[%clk 1:31:53]} Bb7 {[%clk 1:30:30]} 5. Bd3 {[%clk 1:31:32]} Nc6
{[%clk 1:30:02]} 6. a3 {[%clk 1:31:36]} Nge7 {[%clk 1:28:58]} 7. O-O
{[%clk 1:31:35]} Ng6 {[%clk 1:25:22]} 8. Re1 {[%clk 1:31:12]} Bd6
{[%clk 1:19:33]} 9. Bf1 {[%clk 1:27:26]} O-O {[%clk 1:13:53]} 10. Nc3
{[%clk 1:04:33]} a6 {[%clk 1:12:43]} 11. Ne2 {[%clk 1:03:31]} Qc7
{[%clk 0:47:17]} 12. Ng3 {[%clk 1:00:19]} Nce5 {[%clk 0:39:55]} 13. Nxe5
{[%clk 0:57:46]} Bxe5 {[%clk 0:40:20]} 14. Bxe5 {[%clk 0:57:43]} Qxe5
{[%clk 0:39:47]} 15. c3 {[%clk 0:56:38]} Rac8 {[%clk 0:38:49]} 16. d4
{[%clk 0:38:00]} cxd4 {[%clk 0:39:04]} 17. cxd4 {[%clk 0:38:25]} Qg5
{[%clk 0:39:28]} 18. Qb1 {[%clk 0:30:15]} h5 {[%clk 0:36:32]} 19. Qd3
{[%clk 0:19:00]} h4 {[%clk 0:30:26]} 20. Ne2 {[%clk 0:19:16]} f5 {[%clk 0:30:36]}
21. e5 {[%clk 0:17:33]} f4 {[%clk 0:26:28]} 22. f3 {[%clk 0:08:56]} h3
{[%clk 0:26:36]} 23. Nc3 {[%clk 0:08:58]} Nh4 {[%clk 0:18:48]} 24. Ne4
{[%clk 0:09:04]} Bxe4 {[%clk 0:18:04]} 25. Rxe4 {[%clk 0:09:28]} Nxg2
{[%clk 0:16:56]} 26. Kh1 {[%clk 0:09:01]} Ne3 {[%clk 0:13:14]} 27. Bxh3
{[%clk 0:08:13]} Qh6 {[%clk 0:13:11]} 28. Bg2 {[%clk 0:08:01]} Rf5
{[%clk 0:12:53]} 29. Rxe3 {[%clk 0:03:00]} fxe3 {[%clk 0:13:17]} 30. Qxa6
{[%clk 0:02:41]} Rc2 {[%clk 0:11:25]} 31. Qa8+ {[%clk 0:03:05]} Rf8
{[%clk 0:10:27]} 32. Qe4 {[%clk 0:03:27]} Rfc8 {[%clk 0:10:48]} 33. h4
{[%clk 0:02:37]} e2 {[%clk 0:10:25]} 34. Kh2 {[%clk 0:02:03]} Rc1
{[%clk 0:10:41]} 0-1

[Event "Azerbaijan Chess Championship2015 - Men"]
[Site ""]
[Date "2015.01.10"]
[Round "5"]
[Board "7"]
[White "Rzayev, Bahruz"]
[Black "Heydarli, Kanan"]
[Result "0-1"]
[WhiteElo "2416"]
[BlackElo "2273"]
[PlyCount "0"]
[EventDate "2015.01.06"]
[EventRounds "9"]
[EventCountry "AZE"]

1. e4 c5 2. Nf3 e6 3. d4 cxd4 4. Nxd4 a6 5. Bd3 Nf6 6. O-O {[%clk 1:31:48]} Qc7
{[%clk 1:25:14]} 7. Qe2 {[%clk 1:31:34]} d6 {[%clk 1:24:50]} 8. Kh1
{[%clk 1:31:15]} g6 {[%clk 1:21:47]} 9. f4 {[%clk 1:28:04]} Bg7 {[%clk 1:20:08]}
10. c4 {[%clk 1:18:45]} O-O {[%clk 1:18:26]} 11. b3 {[%clk 1:11:36]} Nbd7
{[%clk 1:15:04]} 12. Bb2 {[%clk 1:11:53]} b6 {[%clk 1:15:14]} 13. Nd2
{[%clk 1:11:50]} Bb7 {[%clk 1:14:04]} 14. Rae1 {[%clk 1:10:54]} Nh5
{[%clk 1:07:45]} 15. Bb1 {[%clk 1:03:42]} Rae8 {[%clk 1:02:37]} 16. Qd3
{[%clk 0:53:43]} Nc5 {[%clk 0:58:36]} 17. Qc2 {[%clk 0:49:49]} e5
{[%clk 0:55:40]} 18. fxe5 {[%clk 0:41:28]} dxe5 {[%clk 0:56:07]} 19. N4f3
{[%clk 0:37:56]} Rd8 {[%clk 0:51:28]} 20. Re3 {[%clk 0:34:19]} Rd7
{[%clk 0:48:14]} 21. b4 {[%clk 0:28:52]} Ne6 {[%clk 0:48:36]} 22. Rd3
{[%clk 0:28:53]} Nd4 {[%clk 0:47:48]} 23. Nxd4 {[%clk 0:23:52]} exd4
{[%clk 0:46:36]} 24. Rh3 {[%clk 0:23:59]} Re8 {[%clk 0:36:23]} 25. Qd1
{[%clk 0:22:39]} Nf4 {[%clk 0:35:43]} 26. Rh4 {[%clk 0:22:53]} g5
{[%clk 0:35:29]} 27. Rg4 {[%clk 0:22:28]} h6 {[%clk 0:35:43]} 28. Qb3
{[%clk 0:11:08]} Kh8 {[%clk 0:30:31]} 29. Bc2 {[%clk 0:08:06]} f5
{[%clk 0:30:37]} 30. exf5 {[%clk 0:06:36]} Re3 {[%clk 0:26:38]} 31. Qa4
{[%clk 0:06:16]} Nxg2 {[%clk 0:26:30]} 32. Rxg2 {[%clk 0:02:59]} Bxg2+
{[%clk 0:26:57]} 33. Kxg2 {[%clk 0:03:28]} Re2+ {[%clk 0:27:18]} 34. Rf2
{[%clk 0:03:55]} Rxf2+ {[%clk 0:27:36]} 35. Kxf2 {[%clk 0:04:24]} Qxh2+
{[%clk 0:27:59]} 36. Kf1 {[%clk 0:03:49]} Qh3+ {[%clk 0:25:55]} 37. Kg1
{[%clk 0:02:47]} Qe3+ {[%clk 0:25:38]} 38. Kf1 {[%clk 0:03:14]} Qh3+
{[%clk 0:24:05]} 39. Kg1 {[%clk 0:03:32]} Qg3+ {[%clk 0:23:36]} 40. Kf1
{[%clk 0:33:54]} Re7 {[%clk 0:52:08]} 41. Ne4 {[%clk 0:26:59]} Qf3+
{[%clk 0:52:25]} 42. Kg1 {[%clk 0:24:55]} Rxe4 {[%clk 0:52:48]} 43. Bxe4
{[%clk 0:25:19]} Qxe4 {[%clk 0:53:17]} 44. Qd1 {[%clk 0:23:53]} Qe3+
{[%clk 0:52:46]} 45. Kg2 {[%clk 0:23:55]} Qe4+ {[%clk 0:49:03]} 46. Kg1
{[%clk 0:22:10]} Kg8 {[%clk 0:43:39]} 47. Qb3 {[%clk 0:15:25]} Kh7
{[%clk 0:42:50]} 48. c5 {[%clk 0:11:48]} bxc5 {[%clk 0:43:16]} 49. bxc5
{[%clk 0:12:17]} Qg4+ {[%clk 0:43:35]} 50. Kh1 {[%clk 0:12:29]} Qxf5
{[%clk 0:44:00]} 51. Qc4 {[%clk 0:12:44]} d3 {[%clk 0:42:47]} 52. Bc3
{[%clk 0:10:44]} Qf3+ {[%clk 0:42:40]} 53. Kg1 {[%clk 0:10:37]} Qd1+
{[%clk 0:42:52]} 54. Kf2 {[%clk 0:10:37]} Qc2+ {[%clk 0:43:14]} 55. Kf3
{[%clk 0:10:33]} d2 {[%clk 0:43:25]} 0-1

[Event "Azerbaijan Chess Championship2015 - Men"]
[Site ""]
[Date "2015.01.10"]
[Round "5"]
[Board "8"]
[White "Asadli, Vugar"]
[Black "Guliev, Logman"]
[Result "0-1"]
[WhiteElo "2127"]
[BlackElo "2385"]
[PlyCount "0"]
[EventDate "2015.01.06"]
[EventRounds "9"]
[EventCountry "AZE"]

1. e4 {[%clk 1:30:57]} c5 {[%clk 1:30:51]} 2. Nf3 {[%clk 1:31:15]} d6
{[%clk 1:31:13]} 3. d4 {[%clk 1:31:33]} cxd4 {[%clk 1:31:37]} 4. Nxd4
{[%clk 1:31:54]} Nf6 {[%clk 1:32:02]} 5. Nc3 {[%clk 1:31:44]} Nc6
{[%clk 1:32:24]} 6. Bc4 {[%clk 1:31:40]} e6 {[%clk 1:25:43]} 7. Be3
{[%clk 1:31:20]} Be7 {[%clk 1:26:03]} 8. Qe2 {[%clk 1:30:45]} a6 {[%clk 1:26:27]}
9. O-O-O {[%clk 1:29:54]} Qc7 {[%clk 1:22:05]} 10. Bb3 {[%clk 1:28:03]} Na5
{[%clk 1:20:41]} 11. g4 {[%clk 1:24:13]} Nxb3+ {[%clk 1:21:01]} 12. axb3
{[%clk 1:24:02]} b5 {[%clk 1:20:56]} 13. g5 {[%clk 1:22:18]} Nd7 {[%clk 1:21:18]}
14. Nf5 {[%clk 1:03:23]} exf5 {[%clk 1:04:14]} 15. Nd5 {[%clk 1:03:13]} Qd8
{[%clk 1:04:36]} 16. exf5 {[%clk 1:02:38]} Bb7 {[%clk 1:04:21]} 17. f6
{[%clk 1:02:50]} Bxd5 {[%clk 0:59:13]} 18. fxe7 {[%clk 1:03:09]} Qa5
{[%clk 0:57:38]} 19. f3 {[%clk 0:57:07]} Qa1+ {[%clk 0:55:35]} 20. Kd2
{[%clk 0:57:32]} Qxb2 {[%clk 0:55:54]} 21. Ke1 {[%clk 0:57:59]} Qe5 0-1

[Event "Azerbaijan Chess Championship2015 - Men"]
[Site ""]
[Date "2015.01.10"]
[Round "5"]
[Board "9"]
[White "Shahaliyev, Ismayil"]
[Black "Shabanov, Nurlan"]
[Result "1-0"]
[WhiteElo "2273"]
[BlackElo "2165"]
[PlyCount "0"]
[EventDate "2015.01.06"]
[EventRounds "9"]
[EventCountry "AZE"]

1. e4 {[%clk 1:30:57]} c5 {[%clk 1:30:50]} 2. Nf3 {[%clk 1:31:22]} e6
{[%clk 1:31:13]} 3. d4 {[%clk 1:31:46]} cxd4 {[%clk 1:31:36]} 4. Nxd4
{[%clk 1:32:13]} Nf6 {[%clk 1:31:58]} 5. Nc3 {[%clk 1:32:39]} Nc6
{[%clk 1:32:21]} 6. Ndb5 {[%clk 1:33:05]} Bb4 {[%clk 1:31:06]} 7. Bf4
{[%clk 1:33:12]} O-O {[%clk 1:26:20]} 8. Bc7 {[%clk 1:32:40]} Qe7
{[%clk 1:26:25]} 9. Bd6 {[%clk 1:33:03]} Bxd6 {[%clk 1:26:40]} 10. Qxd6
{[%clk 1:33:26]} Ne8 {[%clk 1:26:57]} 11. Qxe7 {[%clk 1:33:51]} Nxe7
{[%clk 1:27:24]} 12. O-O-O {[%clk 1:33:42]} f5 {[%clk 1:26:41]} 13. f3
{[%clk 1:31:50]} fxe4 {[%clk 1:21:51]} 14. Nxe4 {[%clk 1:32:06]} d5
{[%clk 1:21:03]} 15. Nf2 {[%clk 1:30:10]} a6 {[%clk 1:18:30]} 16. Nd4
{[%clk 1:27:55]} e5 {[%clk 1:17:50]} 17. Nb3 {[%clk 1:27:00]} Bf5
{[%clk 1:14:04]} 18. Bd3 {[%clk 1:26:33]} Nf6 {[%clk 1:12:45]} 19. Rhe1
{[%clk 1:21:37]} Bxd3 {[%clk 1:10:03]} 20. Nxd3 {[%clk 1:19:52]} e4
{[%clk 1:10:25]} 21. fxe4 {[%clk 1:19:01]} Nxe4 {[%clk 1:09:41]} 22. Nbc5
{[%clk 1:12:51]} Rac8 {[%clk 0:57:28]} 23. Nxe4 {[%clk 1:03:42]} dxe4
{[%clk 0:57:50]} 24. Rxe4 {[%clk 1:04:09]} Rc7 {[%clk 0:55:00]} 25. Rde1
{[%clk 1:03:27]} Nc6 {[%clk 0:53:12]} 26. Kd2 {[%clk 1:01:18]} b5
{[%clk 0:51:59]} 27. Re8 {[%clk 0:59:30]} Rxe8 {[%clk 0:50:58]} 28. Rxe8+
{[%clk 0:59:44]} Kf7 {[%clk 0:51:25]} 29. Re4 {[%clk 0:59:53]} a5
{[%clk 0:49:49]} 30. Rh4 {[%clk 0:51:52]} h6 {[%clk 0:49:03]} 31. Rh5
{[%clk 0:46:05]} b4 {[%clk 0:47:16]} 32. Rc5 {[%clk 0:45:56]} Ke6
{[%clk 0:46:18]} 33. Nf4+ {[%clk 0:39:14]} Kd6 {[%clk 0:45:36]} 34. Rd5+
{[%clk 0:39:38]} Ke7 {[%clk 0:46:02]} 35. h4 {[%clk 0:39:22]} a4 {[%clk 0:41:41]}
36. Nd3 {[%clk 0:27:32]} Rb7 {[%clk 0:35:28]} 37. h5 {[%clk 0:26:21]} Ke6
{[%clk 0:33:32]} 38. Nf4+ {[%clk 0:22:34]} Kf6 {[%clk 0:33:55]} 39. b3
{[%clk 0:17:58]} a3 {[%clk 0:31:38]} 40. Rc5 {[%clk 0:44:28]} Ne5
{[%clk 0:58:51]} 41. Ke3 {[%clk 0:43:41]} Ng4+ {[%clk 0:56:24]} 42. Kd4
{[%clk 0:40:35]} Rd7+ {[%clk 0:54:51]} 43. Nd5+ {[%clk 0:39:02]} Ke6
{[%clk 0:54:27]} 44. Rc6+ {[%clk 0:39:11]} Kf5 {[%clk 0:53:47]} 45. Kc5
{[%clk 0:39:21]} Kg5 {[%clk 0:52:06]} 46. Rd6 {[%clk 0:37:20]} Rb7
{[%clk 0:50:28]} 47. Nxb4 {[%clk 0:34:39]} Kxh5 {[%clk 0:50:41]} 48. Nd5
{[%clk 0:31:55]} Kh4 {[%clk 0:49:41]} 49. b4 {[%clk 0:27:02]} Kg3
{[%clk 0:47:30]} 50. Rg6 {[%clk 0:26:48]} h5 {[%clk 0:46:47]} 51. b5
{[%clk 0:25:10]} Kxg2 {[%clk 0:45:09]} 52. Ne3+ {[%clk 0:18:41]} Kf3
{[%clk 0:44:23]} 53. Nxg4 {[%clk 0:18:48]} hxg4 {[%clk 0:43:48]} 54. b6
{[%clk 0:18:51]} g3 {[%clk 0:43:07]} 55. Kc6 {[%clk 0:19:00]} Rb8
{[%clk 0:43:20]} 56. Kc7 {[%clk 0:19:08]} Re8 {[%clk 0:43:11]} 57. b7
{[%clk 0:19:22]} Re7+ {[%clk 0:42:51]} 58. Kb6 {[%clk 0:18:46]} g2
{[%clk 0:43:12]} 59. b8=Q {[%clk 0:18:16]} Re6+ {[%clk 0:43:37]} 60. Rxe6
{[%clk 0:18:41]} g1=Q+ {[%clk 0:44:00]} 61. Kc6 {[%clk 0:19:03]} 1-0

[Event "Azerbaijan Chess Championship2015 - Men"]
[Site ""]
[Date "2015.01.10"]
[Round "5"]
[Board "10"]
[White "Gasimov, Parviz"]
[Black "Sadikhov, Ulvi"]
[Result "1/2-1/2"]
[WhiteElo "2517"]
[BlackElo "2414"]
[PlyCount "0"]
[EventDate "2015.01.06"]
[EventRounds "9"]
[EventCountry "AZE"]

1. e4 {[%clk 1:30:52]} d6 {[%clk 1:30:54]} 2. d4 {[%clk 1:31:07]} Nf6
{[%clk 1:31:19]} 3. Nc3 {[%clk 1:31:04]} e5 {[%clk 1:31:45]} 4. Nge2
{[%clk 1:30:21]} c6 {[%clk 1:28:20]} 5. g3 {[%clk 1:28:53]} Be7 {[%clk 1:28:03]}
6. Bg2 {[%clk 1:28:20]} Nbd7 {[%clk 1:28:21]} 7. O-O {[%clk 1:27:20]} O-O
{[%clk 1:28:47]} 8. h3 {[%clk 1:26:29]} b5 {[%clk 1:19:46]} 9. a3
{[%clk 1:23:05]} Re8 {[%clk 1:15:36]} 10. g4 {[%clk 1:15:12]} Nf8
{[%clk 1:12:30]} 11. f4 {[%clk 1:06:10]} h5 {[%clk 1:04:03]} 12. g5
{[%clk 0:54:18]} N6h7 {[%clk 1:02:10]} 13. h4 {[%clk 0:51:39]} Ng6
{[%clk 0:59:14]} 14. Qe1 {[%clk 0:49:13]} exf4 {[%clk 0:55:47]} 15. Nxf4
{[%clk 0:42:23]} Nxf4 {[%clk 0:55:36]} 16. Bxf4 {[%clk 0:41:57]} Bg4
{[%clk 0:51:30]} 17. Bf3 {[%clk 0:32:03]} Bxf3 {[%clk 0:47:17]} 18. Rxf3
{[%clk 0:32:32]} d5 {[%clk 0:45:44]} 19. e5 {[%clk 0:25:48]} Nf8 {[%clk 0:41:12]}
20. Qf2 {[%clk 0:23:30]} Ne6 {[%clk 0:37:35]} 21. Be3 {[%clk 0:21:38]} Rf8
{[%clk 0:37:28]} 22. Rf1 {[%clk 0:20:58]} Qe8 {[%clk 0:37:45]} 23. Ne2
{[%clk 0:19:32]} g6 {[%clk 0:36:46]} 24. Ng3 {[%clk 0:14:24]} a6 {[%clk 0:32:41]}
25. Kh1 {[%clk 0:11:49]} Ng7 {[%clk 0:31:53]} 26. Kh2 {[%clk 0:10:43]} Bd8
{[%clk 0:30:14]} 27. Bd2 {[%clk 0:10:05]} a5 {[%clk 0:29:41]} 28. Qe3
{[%clk 0:08:35]} Qd7 {[%clk 0:28:10]} 29. Rf6 {[%clk 0:06:58]} Be7
{[%clk 0:23:29]} 30. Qf3 {[%clk 0:04:20]} Qe8 {[%clk 0:22:57]} 31. Qc3
{[%clk 0:03:09]} Rc8 {[%clk 0:21:19]} 32. Qxa5 {[%clk 0:02:00]} Bxf6
{[%clk 0:20:28]} 33. gxf6 {[%clk 0:02:25]} Ne6 34. Nf5 {[%clk 0:00:39]} c5
{[%clk 0:18:59]} 35. Ne7+ Kh7 36. Qc3 {[%clk 0:00:32]} Rc7 {[%clk 0:16:46]} 37.
Qd3 {[%clk 0:00:31]} Rxe7 {[%clk 0:16:46]} 38. Rf5 Ng7 {[%clk 0:14:24]} 39. fxe7
{[%clk 0:00:38]} Qxe7 {[%clk 0:43:06]} 40. Rf6 {[%clk 0:20:37]} cxd4
{[%clk 0:42:46]} 41. Qxd4 {[%clk 0:16:16]} Rc8 {[%clk 0:40:48]} 42. Bc3
{[%clk 0:15:12]} Rc4 {[%clk 0:40:55]} 43. Qxd5 {[%clk 0:15:07]} Rxh4+
{[%clk 0:41:06]} 44. Kg2 {[%clk 0:14:05]} Rg4+ {[%clk 0:39:11]} 45. Kf3
{[%clk 0:05:16]} Ne6 46. Qxb5 {[%clk 0:03:59]} Qa7 {[%clk 0:35:13]} 47. Qd5
{[%clk 0:03:59]} Ng5+ {[%clk 0:32:22]} 48. Ke2 Re4+ {[%clk 0:31:50]} 49. Kf1
{[%clk 0:04:15]} Qe3 {[%clk 0:31:40]} 50. Qd2 {[%clk 0:03:24]} Qh3+
{[%clk 0:31:42]} 51. Qg2 {[%clk 0:03:41]} Qd7 {[%clk 0:24:27]} 52. Qd2
{[%clk 0:02:05]} Qg4 {[%clk 0:22:55]} 53. e6 Rxe6 {[%clk 0:14:39]} 54. Rxe6
{[%clk 0:02:34]} Nxe6 {[%clk 0:15:04]} 55. Qe2 {[%clk 0:02:05]} Qf4+
{[%clk 0:14:30]} 56. Ke1 {[%clk 0:01:52]} Ng5 {[%clk 0:13:16]} 57. Kd1
{[%clk 0:01:15]} Nf3 {[%clk 0:13:20]} 58. Qe7 {[%clk 0:01:06]} Qc4
{[%clk 0:12:38]} 59. Qe2 {[%clk 0:01:03]} Qg4 {[%clk 0:12:49]} 60. Kc1
{[%clk 0:00:37]} h4 {[%clk 0:12:55]} 61. b4 {[%clk 0:00:49]} h3 {[%clk 0:11:50]}
62. Qe8 {[%clk 0:00:59]} Kh6 {[%clk 0:07:49]} 63. Qh8+ {[%clk 0:00:53]} Kg5
{[%clk 0:08:15]} 64. Qf6+ {[%clk 0:00:52]} Kh5 {[%clk 0:08:27]} 65. Qh8+
{[%clk 0:00:41]} Kg5 {[%clk 0:08:52]} 66. Qf6+ {[%clk 0:00:50]} 1/2-1/2

[Event "Azerbaijan Chess Championship2015 - Men"]
[Site ""]
[Date "2015.01.10"]
[Round "5"]
[Board "11"]
[White "Abdulov, Orkhan"]
[Black "Sevdimaliyev, Urfan"]
[Result "1/2-1/2"]
[WhiteElo "2342"]
[BlackElo "2505"]
[PlyCount "0"]
[EventDate "2015.01.06"]
[EventRounds "9"]
[EventCountry "AZE"]

1. e4 {[%clk 1:25:13]} c5 {[%clk 1:30:50]} 2. Nf3 {[%clk 1:23:26]} Nc6
{[%clk 1:31:11]} 3. Bb5 {[%clk 1:22:39]} d6 {[%clk 1:31:35]} 4. Bxc6+
{[%clk 1:22:47]} bxc6 {[%clk 1:32:01]} 5. O-O {[%clk 1:23:03]} Bg4
{[%clk 1:31:00]} 6. h3 {[%clk 1:23:03]} Bh5 {[%clk 1:31:24]} 7. Re1
{[%clk 1:23:06]} e6 {[%clk 1:30:30]} 8. c3 {[%clk 1:19:19]} Nf6 {[%clk 1:27:48]}
9. d4 {[%clk 1:07:11]} d5 {[%clk 1:21:55]} 10. e5 {[%clk 0:53:12]} Nd7
{[%clk 1:16:39]} 11. Be3 {[%clk 0:52:14]} Be7 {[%clk 1:16:18]} 12. Nbd2
{[%clk 0:52:39]} O-O {[%clk 1:15:54]} 13. dxc5 {[%clk 0:24:06]} Nxc5
{[%clk 1:13:11]} 14. Qe2 {[%clk 0:11:50]} Qb8 {[%clk 1:08:27]} 15. b4
{[%clk 0:09:45]} Ne4 {[%clk 1:05:06]} 16. g4 {[%clk 0:09:22]} Bg6
{[%clk 1:05:11]} 17. Nxe4 {[%clk 0:09:22]} Bxe4 {[%clk 0:59:45]} 18. Nd2
{[%clk 0:07:23]} Bg6 {[%clk 0:58:32]} 19. Bd4 {[%clk 0:07:49]} a5
{[%clk 0:47:45]} 20. a3 {[%clk 0:08:13]} a4 {[%clk 0:47:25]} 21. c4
{[%clk 0:07:10]} Bg5 {[%clk 0:36:36]} 22. Nf3 {[%clk 0:05:11]} Bf4
{[%clk 0:35:35]} 23. Bc5 {[%clk 0:02:03]} Re8 {[%clk 0:34:42]} 24. Nd4
{[%clk 0:01:27]} Qc7 {[%clk 0:30:27]} 25. Bd6 {[%clk 0:01:34]} Qd7
{[%clk 0:30:13]} 26. b5 cxb5 {[%clk 0:29:34]} 27. c5 {[%clk 0:01:36]} Be4
{[%clk 0:26:39]} 28. f3 {[%clk 0:01:33]} Bg6 {[%clk 0:27:04]} 29. Qxb5
{[%clk 0:00:56]} Qd8 {[%clk 0:26:34]} 30. Qe2 {[%clk 0:00:52]} Qa5
{[%clk 0:23:01]} 31. Nb5 {[%clk 0:01:02]} Rac8 {[%clk 0:21:39]} 32. Red1
{[%clk 0:01:15]} h5 {[%clk 0:16:45]} 33. Rd4 {[%clk 0:01:25]} Bg5
{[%clk 0:16:53]} 34. f4 {[%clk 0:01:31]} Bd8 {[%clk 0:14:09]} 35. Rc1
{[%clk 0:01:35]} Rc6 {[%clk 0:12:49]} 36. Rb4 {[%clk 0:01:23]} Bb6
{[%clk 0:09:35]} 37. Rc3 {[%clk 0:01:14]} d4 {[%clk 0:04:10]} 38. Rxd4
{[%clk 0:00:58]} Rec8 {[%clk 0:04:20]} 39. f5 {[%clk 0:00:51]} exf5
{[%clk 0:03:51]} 40. gxh5 {[%clk 0:31:09]} Bxh5 {[%clk 0:30:54]} 41. Qxh5
{[%clk 0:18:40]} Qxb5 {[%clk 0:24:06]} 42. Rh4 {[%clk 0:18:04]} Qb1+
{[%clk 0:23:44]} 43. Kg2 {[%clk 0:17:59]} Qb2+ {[%clk 0:23:34]} 44. Kf1
{[%clk 0:18:04]} Qb1+ {[%clk 0:22:56]} 45. Ke2 {[%clk 0:18:29]} Qb2+
{[%clk 0:23:04]} 46. Kd1 {[%clk 0:16:07]} Qb1+ {[%clk 0:21:59]} 47. Kd2
{[%clk 0:15:42]} Qb2+ {[%clk 0:22:06]} 48. Rc2 {[%clk 0:15:04]} Rxd6+
{[%clk 0:11:27]} 49. exd6 {[%clk 0:14:50]} Ba5+ {[%clk 0:11:29]} 50. Kd3
{[%clk 0:13:03]} Qxa3+ {[%clk 0:05:13]} 51. Kd4 {[%clk 0:04:20]} Qb4+
{[%clk 0:05:10]} 52. Kd5 {[%clk 0:03:55]} Qb3+ {[%clk 0:02:45]} 53. Rcc4
{[%clk 0:04:00]} Qb7+ {[%clk 0:01:39]} 54. Kd4 {[%clk 0:02:04]} Qb2+
{[%clk 0:02:03]} 55. Kd5 {[%clk 0:01:49]} Qb7+ {[%clk 0:01:35]} 56. Kd4
{[%clk 0:02:14]} Qb2+ {[%clk 0:02:03]} 57. Kd5 {[%clk 0:02:40]} Qb7+
{[%clk 0:02:15]} 1/2-1/2

[Event "Azerbaijan Chess Championship2015 - Men"]
[Site ""]
[Date "2015.01.12"]
[Round "6"]
[Board "1"]
[White "Durarbayli, Vasif"]
[Black "Mamedov, Rauf"]
[Result "1/2-1/2"]
[WhiteElo "2635"]
[BlackElo "2642"]
[PlyCount "0"]
[EventDate "2015.01.06"]
[EventRounds "9"]
[EventCountry "AZE"]

1. e4 {[%clk 1:30:55]} c5 {[%clk 1:30:47]} 2. Nf3 {[%clk 1:31:20]} Nc6
{[%clk 1:31:15]} 3. d4 {[%clk 1:31:44]} cxd4 {[%clk 1:31:41]} 4. Nxd4
{[%clk 1:32:09]} g6 {[%clk 1:32:09]} 5. c4 {[%clk 1:32:32]} Nf6 {[%clk 1:32:36]}
6. Nc3 {[%clk 1:32:57]} Nxd4 {[%clk 1:33:03]} 7. Qxd4 {[%clk 1:33:21]} d6
{[%clk 1:33:30]} 8. Be3 {[%clk 1:33:45]} Bg7 {[%clk 1:33:56]} 9. f3
{[%clk 1:34:10]} O-O {[%clk 1:34:23]} 10. Qd2 {[%clk 1:34:36]} a5
{[%clk 1:34:50]} 11. Na4 {[%clk 1:34:39]} Nd7 {[%clk 1:35:17]} 12. Rd1
{[%clk 1:34:50]} b6 {[%clk 1:27:23]} 13. Be2 {[%clk 1:29:14]} Bb7
{[%clk 1:27:43]} 14. b3 {[%clk 1:28:54]} Qc7 {[%clk 1:21:57]} 15. O-O
{[%clk 1:26:49]} Rfc8 {[%clk 1:15:38]} 16. Rc1 {[%clk 1:17:31]} Bc6
{[%clk 1:05:16]} 17. Nc3 {[%clk 1:17:54]} Nc5 {[%clk 1:04:31]} 18. Rfd1
{[%clk 1:18:06]} Qd8 {[%clk 1:02:34]} 19. Bf1 {[%clk 1:18:00]} Qf8
{[%clk 0:57:26]} 20. Rc2 {[%clk 1:15:11]} h5 {[%clk 0:54:30]} 21. Rb1
{[%clk 1:13:22]} Kh7 {[%clk 0:54:23]} 22. a3 {[%clk 1:13:22]} Qh8
{[%clk 0:49:57]} 23. Nd5 {[%clk 1:03:22]} Bxd5 {[%clk 0:46:48]} 24. exd5
{[%clk 1:03:20]} Kg8 {[%clk 0:37:42]} 25. Kh1 {[%clk 1:02:46]} Rc7
{[%clk 0:36:54]} 26. Qf2 {[%clk 1:01:54]} Rac8 {[%clk 0:27:46]} 27. Rcc1
{[%clk 0:48:53]} Bh6 {[%clk 0:27:33]} 28. f4 {[%clk 0:36:09]} Qf6
{[%clk 0:21:40]} 29. b4 {[%clk 0:33:30]} axb4 {[%clk 0:22:03]} 30. axb4
{[%clk 0:33:57]} Nd7 {[%clk 0:22:08]} 31. Re1 {[%clk 0:27:29]} Bg7
{[%clk 0:17:29]} 32. Qa2 {[%clk 0:24:12]} Qf5 {[%clk 0:15:05]} 33. Red1
{[%clk 0:17:25]} e5 {[%clk 0:07:15]} 34. dxe6 {[%clk 0:17:31]} Qxe6
{[%clk 0:07:42]} 35. Qf2 {[%clk 0:13:06]} Nf6 {[%clk 0:04:07]} 36. Bxb6
{[%clk 0:13:14]} Re7 {[%clk 0:02:39]} 37. Bd4 {[%clk 0:09:22]} Ng4
{[%clk 0:02:39]} 38. Qd2 {[%clk 0:07:40]} Bxd4 {[%clk 0:02:17]} 39. Qxd4
{[%clk 0:08:08]} Rce8 {[%clk 0:01:31]} 40. Kg1 {[%clk 0:34:09]} Qc8
{[%clk 0:30:58]} 41. Qxd6 {[%clk 0:27:29]} Ne3 {[%clk 0:27:04]} 42. Re1
{[%clk 0:23:20]} Nxc4 {[%clk 0:21:00]} 43. Qxe7 {[%clk 0:23:42]} Rxe7
{[%clk 0:21:27]} 44. Rxe7 {[%clk 0:24:05]} Nd2 {[%clk 0:20:55]} 45. Rbe1
{[%clk 0:20:28]} Qc3 {[%clk 0:17:43]} 46. b5 {[%clk 0:19:37]} Qc5+
{[%clk 0:17:09]} 47. Kh1 {[%clk 0:18:50]} Nxf1 {[%clk 0:17:15]} 48. Re8+
{[%clk 0:19:15]} Kg7 {[%clk 0:17:43]} 49. Rxf1 {[%clk 0:19:39]} Qxb5
{[%clk 0:18:11]} 50. Ree1 {[%clk 0:20:04]} Qd3 {[%clk 0:16:12]} 51. Rf3
{[%clk 0:20:21]} Qc2 {[%clk 0:16:23]} 52. h3 {[%clk 0:20:43]} Kf6
{[%clk 0:16:26]} 1/2-1/2